000 00491nam a2200157 i 4500
001 38721
003 ES-MaACL
005 20230906155816.0
007 t|
008 030226s1916 sp ||||1| spa d
100 1 _aCamón y Humanes, Francisco C.
_934097
245 1 0 _aCrédito y fomento de la producción nacional agrícola /
_cpor Francisco C. Camón y Humanes.
260 _aMadrid :
_b[s.n.,
_c1916] (
_fArtes Gráficas Mateu)
300 _a159 p. ;
_c20 cm.
852 _aES-MaACL
_jF-5565
999 _c38721
_d38721